000 00484nam a2200181Ia 4500
001 10058
005 20260306161803.0
008 260306t1971||||xx |||||||||||||| ||spa||
041 _aESP
082 _a869.809
_bM86
100 _aMoran, Fernando
_eAUT
245 0 _aNovela y semidesarrollo:
_b(una interpretación de la novela hispanoamericana y española)
260 _c1971
300 _a431 páginas :
_c21 cm.
650 _aGEN
654 _aCHU
942 _cLIB
_dJUS
_fJUS
_2ddc
_n
999 _c10058
_d10058